| 000 | 00376cam a2200169ua 4500 | ||
|---|---|---|---|
| 020 | _c3.00 | ||
| 041 |
_ahin _h |
||
| 082 |
_a891.54 _bVAN/JO |
||
| 100 | _aVanphool, . | ||
| 245 |
_aJodi / _cVanphool. _hTextual Documents |
||
| 260 |
_a : _bRajpal and Sanch , _c1960. |
||
| 300 | _a157 ; . | ||
| 365 | _a3.00 | ||
| 504 | _a | ||
| 942 | _cBK | ||
| 999 |
_c11870 _d11870 |
||